000 00907nam a2200205Ia 4500
001 224.06-NEH an es (21337)
003 IT-MiSPE
008 171229s9999||||xx |||||||||||||| ||und||
040 _aIT-MiSPE
_cIT-MiSPE
041 _aITALIANO
100 _aAndré Neher
245 0 _aL'essence du prophetisme
250 _a1a ed. (v)
260 _aParis
_bPUF
_c1955
300 _a359 p.
_c20 cm
501 _aEdizioni San Paolo srl - Piazza Soncino, 5 - 20092 CINISELLO BALSAMO (MI) (non commercial uses only) ® Copyright 2018
942 _cBK
957 _71
999 _a10054
_bNO
_g Copie: 1
_c338664
_d338664